00331nam a2200109Ia 4500008004100000020002200041041001200063100007300075245002000148260003200168650002100200231221s9999 xx 000 0 und d a978-1-84800-009-4 aEnglish aMikael Berndtsson, Jörgen Hansson, Björn Olsson, Björn Lundell 0aThesis Projects c2008bSpringer USaNew York aComputer Science